Message for the sick (Record no. 32530)

MARC details
000 -LEADER
fixed length control field 00359nam a2200157Ia 4500
020 ## - INTERNATIONAL STANDARD BOOK NUMBER
ISBN 9757456675
100 ## - STATEMENT OF RESPONSIBILITY--MAIN AUTHOR NAME
Personal name Nursi, Said Beduzzaman
245 #0 - TITLE STATEMENT
Title Message for the sick
260 ## - PUBLICATION, DISTRIBUTION, ETC. (IMPRINT)
Place of publication Ankara
260 ## - PUBLICATION, DISTRIBUTION, ETC. (IMPRINT)
Name of publisher Ihlas Nur Nesriyat
260 ## - PUBLICATION, DISTRIBUTION, ETC. (IMPRINT)
Year of publication 2001
300 ## - PHYSICAL DESCRIPTION
Number of Pages 64 p
942 ## - ADDED ENTRY ELEMENTS (KOHA)
Koha item type Books
Holdings
Withdrawn status Lost status Source of classification or shelving scheme Damaged status Not for loan Permanent Location Current Location Date acquired Accession Number Price effective from Koha item type
    Library of Congress Classification     NILE UNIVERSITY OF NIGERIA - MAIN LIBRARY NILE UNIVERSITY OF NIGERIA - MAIN LIBRARY 04/23/2025 0001380 04/23/2025 Books